Engineerin mechanics statics (Record no. 544878)

000 -LEADER
fixed length control field 00421nam a22001457a 4500
082 ## - DEWEY DECIMAL CLASSIFICATION NUMBER
Classification number 620.103
Author Mark RLA
-- L-5, P-11
100 ## - MAIN ENTRY--PERSONAL NAME
Personal name William f. riley
9 (RLIN) 40621
245 ## - TITLE STATEMENT
Title Engineerin mechanics statics
Statement of responsibility, etc. F. riley, william
260 ## - PUBLICATION, DISTRIBUTION, ETC.
Place of publication, distribution, etc. New York
Name of publisher, distributor, etc. Jhon wiley & sons, inc
300 ## - PHYSICAL DESCRIPTION
Extent xix, 600p.
Other physical details ill.
526 ## - STUDY PROGRAM INFORMATION NOTE
Program name 0
Interest level 0
Reading level 0
Title point value 620_103000000000000_RLA
650 ## - SUBJECT ADDED ENTRY--TOPICAL TERM
Topical term or geographic name entry element MCE
9 (RLIN) 379
700 ## - ADDED ENTRY--PERSONAL NAME
Personal name Leroy D. sturges
9 (RLIN) 40622
942 ## - ADDED ENTRY ELEMENTS (KOHA)
Source of classification or shelving scheme
Koha item type Book
Holdings
Withdrawn status Lost status Source of classification or shelving scheme Damaged status Not for loan Permanent Location Current Location Date acquired Total Checkouts Full call number Barcode Date last seen Date last checked out Price effective from Koha item type
          Military College of Engineering (MCE) Military College of Engineering (MCE) 05/14/2014 2 620.103 RLA MCE-28415 02/08/2017 12/22/2016 05/14/2014 Book
© 2023 Central Library, National University of Sciences and Technology. All Rights Reserved.